[Event "Capablanca mem Elite"]
[Site "Havana"]
[Date "1999.05.12"]
[Round "5"]
[White "Godena, Michele"]
[Black "Slobodjan, Roman"]
[Result "1/2-1/2"]
[WhiteElo "2552"]
[BlackElo "2536"]
[PlyCount "92"]
[EventDate "1999.05.??"]
[Source "ChessBase"]
[SourceDate "1999.08.01"]

1. e4 g6 2. d4 Bg7 3. c3 d6 4. Nf3 Nf6 5. Bd3 Nc6 6. O-O O-O 7. Re1 e5 8. h3 Re8 9. Bc2 a6 10. Nbd2 h6 11. Nf1 Nh5 12. Be3 Kh7 13. Qd2 Qe7 14. a3 Nd8 15. g4 Nf6 16. Ng3 b5 17. a4 Bb7 18. axb5 axb5 19. Rxa8 Bxa8 20. dxe5 dxe5 21. b4 Nb7 22. Qe2 Nd6 23. Bc5 Bc6 24. Bb3 Nd7 25. Bxd6 cxd6 26. Ra1 Nb6 27. Qe3 Rb8 28. Rd1 Bf8 29. Nd2 d5 30. Nf3 dxe4 31. Nxe4 Bg7 32. Nd6 Rd8 33. Qxb6 Rxd6 34. Rxd6 Qxd6 35. Qe3 Kg8 36. Nd2 Qe7 37. Ne4 Kh7 38. Qc5 Qb7 39. Nd6 Qd7 40. Bd5 Bxd5 41. Qxd5 e4 42. Qc5 Bxc3 43. Nxe4 Bd4 44. Qd6 Qxd6 45. Nxd6 Bc3 46. Nxb5 Bxb4 1/2-1/2

[Event "Dos Hermanas ESP"]
[Site "?"]
[Date "2006.03.24"]
[Round "1.1"]
[White "Deviatkin Andrei"]
[Black "Petrosian Tigran L"]
[Result "0-1"]
[WhiteElo "2528"]
[BlackElo "2558"]
[PlyCount "152"]
[EventDate "2006.??.??"]
[Source "www.chesslib.no"]
[SourceDate "2004.05.04"]

1. e4 d6 2. d4 g6 3. Nf3 Bg7 4. c3 Nf6 5. Bd3 O-O 6. O-O Bg4 7. h3 Bxf3 8. Qxf3 Nbd7 9. Be3 c5 10. Nd2 a6 11. a4 Rc8 12. a5 cxd4 13. cxd4 Ne8 14. Rfc1 Nc7 15. Qe2 Ne6 16. Rxc8 Qxc8 17. Nf3 Qc7 18. Qd2 Rc8 19. Ra3 Qd8 20. Rc3 Rxc3 21. Qxc3 Qc7 22. Qxc7 Nxc7 23. Bd2 Nb8 24. Bc3 e6 25. Kf1 Nc6 26. Ke2 Kf8 27. g4 h6 28. Ke3 Ke7 29. h4 d5 30. e5 Kd7 31. h5 g5 32. Nd2 f6 33. exf6 Bxf6 34. Nb3 Be7 35. f4 gxf4+ 36. Kxf4 Bg5+ 37. Kf3 Nd8 38. Nc5+ Kc6 39. b4 Nb5 40. Bb2 Bf6 41. Ke3 Bh4 42. Bg6 Nd6 43. Kd3 Bg5 44. Bc3 Kb5 45. Bh7 Ne8 46. Bg8 Nf6 47. Bxe6 Nxe6 48. Nxe6 Bh4 49. g5 hxg5 50. h6 g4 51. Bd2 g3 52. Nf4 Bg5 53. Ng2 Bxd2 54. Kxd2 Kxb4 55. Ke3 Ng4+ 56. Kf4 Nxh6 57. Ke5 Kc4 58. Ne3+ Kd3 59. Nxd5 Ng4+ 60. Kd6 Kxd4 61. Nf4 Ke3 62. Ng2+ Kf2 63. Nh4 Ne3 64. Kc7 Nf5 65. Ng6 Kf3 66. Ne5+ Kf4 67. Nd3+ Ke3 68. Ne1 Ke2 69. Ng2 Kf3 70. Kxb7 Kxg2 71. Kxa6 Nd6 72. Ka7 Kh2 73. a6 g2 74. Kb8 g1=Q 75. a7 Qb6+ 76. Ka8 Qb7# 0-1

[Event "Calviá ol (Men)"]
[Site "Mallorca"]
[Date "2004.10.24"]
[Round "9.29"]
[White "Godena, Michele"]
[Black "Rahman, Ziaur"]
[Result "1/2-1/2"]
[WhiteElo "2550"]
[BlackElo "2535"]
[PlyCount "73"]
[EventDate "2004.10.15"]
[Source "Roberto Alvarez"]
[SourceDate "2004.10.25"]

1. e4 g6 2. d4 d6 3. Nf3 Bg7 4. c3 Nf6 5. Bd3 O-O 6. O-O Nc6 7. Re1 e5 8. h3 Bd7 9. Na3 Re8 10. Nc2 h6 11. Bd2 Nh5 12. Bf1 Kh7 13. a3 a6 14. Rc1 Rc8 15. b4 Qf6 16. d5 Nb8 17. Ne3 Nf4 18. Kh2 Qd8 19. g3 Nh5 20. c4 c6 21. c5 cxd5 22. Nxd5 dxc5 23. bxc5 Be6 24. Nb6 Rc7 25. Be3 Nc6 26. Nc4 Rd7 27. Qa4 Qf6 28. Bg2 Bxc4 29. Qxc4 Red8 30. Qb3 Bf8 31. Red1 Rxd1 32. Rxd1 Rxd1 33. Qxd1 Ng7 34. Qd7 Qe7 35. Qd5 Ne8 36. Nd2 Nc7 37. Qc4 1/2-1/2

[Event "otb"]
[Site "otb"]
[Date "2007.05.20"]
[Round "7"]
[White "Ovsejevtisch Sergei"]
[Black "Cicak Slavko"]
[Result "1/2-1/2"]
[WhiteElo "2551"]
[BlackElo "2531"]
[PlyCount "21"]
[Source "www.chesslib.no"]
[SourceDate "2004.05.04"]

1. d4 g6 2. e4 Bg7 3. Nf3 d6 4. c3 Nf6 5. Bd3 O-O 6. O-O Nc6 7. Re1 Bd7 8. Bg5 h6 9. Bh4 Qc8 10. Na3 a6 11. Nc4 1/2-1/2

[Event "Valle d'Aosta op 8th"]
[Site "Saint Vincent"]
[Date "2000.02.18"]
[Round "7"]
[White "Godena, Michele"]
[Black "Nevednichy, Vladislav"]
[Result "0-1"]
[WhiteElo "2487"]
[BlackElo "2589"]
[PlyCount "110"]
[EventDate "2000.02.12"]
[Source "ChessBase"]
[SourceDate "2000.03.10"]

1. e4 g6 2. d4 Bg7 3. c3 d6 4. Nf3 Nf6 5. Bd3 O-O 6. O-O Nc6 7. Re1 e5 8. h3 h6 9. Na3 Nd7 10. Bb5 Ne7 11. dxe5 dxe5 12. Be3 a6 13. Bf1 b6 14. Qd2 Kh7 15. Rad1 Ng8 16. Qd5 Ra7 17. Nc2 Qe8 18. Nb4 Ne7 19. Qc4 c5 20. Nd5 Bb7 21. a4 Bxd5 22. exd5 Nf5 23. d6 Nxe3 24. Rxe3 f5 25. Qd5 e4 26. Nd2 Be5 27. Nc4 Bf4 28. Ree1 Nf6 29. d7 Rxd7 30. Qc6 Rxd1 31. Qxe8 Rxe8 32. Rxd1 Rb8 33. g3 Bc7 34. Ne3 a5 35. Nd5 Nxd5 36. Rxd5 Rd8 37. Rxd8 Bxd8 38. Bb5 Bg5 39. Kf1 Bc1 40. b3 Bb2 41. c4 Kg7 42. h4 Kf6 43. Ke2 f4 44. gxf4 Kf5 45. Bd7+ Kxf4 46. Be8 Bf6 47. Bxg6 Bxh4 48. Be8 Bg5 49. Bg6 Ke5 50. Kf1 Kd4 51. Kg2 Kc3 52. Be8 Kxb3 53. Bb5 Kc3 54. Ba6 Kd4 55. Bb5 Bh4 0-1

[Event "RUS-Cup9"]
[Site "Novgorod"]
[Date "1997.??.??"]
[Round "5"]
[White "Zagrebelny, Sergey"]
[Black "Morozevich, Alexander"]
[Result "0-1"]
[WhiteElo "2480"]
[BlackElo "2595"]
[PlyCount "80"]
[EventDate "1997.06.11"]
[Source "ChessBase"]
[SourceDate "1997.10.13"]

1. e4 g6 2. d4 Bg7 3. Nf3 d6 4. c3 Nf6 5. Bd3 O-O 6. O-O c5 7. h3 Nc6 8. d5 Na5 9. c4 e5 10. a3 b6 11. b4 Nb7 12. Ra2 Kh8 13. Bg5 Qe8 14. Nc3 Ng8 15. Nb5 Qd7 16. Nd2 f5 17. exf5 gxf5 18. Bc2 Qf7 19. Nb3 Bd7 20. bxc5 Bxb5 21. cxb5 dxc5 22. f3 Nd6 23. a4 Nf6 24. Qd2 Nxd5 25. Rd1 Nb4 26. Raa1 Nc4 27. Qe2 Nxc2 28. Qxc2 f4 29. Qe4 Ne3 30. Rdb1 Qh5 31. Be7 Rg8 32. g4 Qh6 33. h4 Rae8 34. Bg5 Qe6 35. Ra2 h6 36. Rh2 Bf8 37. Nd2 Rg7 38. Kf2 Rd7 39. Ke2 Bg7 40. Qc6 Rd6 0-1